书目信息 |
| 题名: |
生物分离技术
|
|
| 作者: | 刘冬 主编 | |
| 分册: | ||
| 出版信息: | 北京 高等教育出版社 2007 |
|
| 页数: | 211页 | |
| 开本: | 26cm | |
| 丛书名: | ||
| 单 册: | ||
| 中图分类: | Q81 , Q503 | |
| 科图分类: | ||
| 主题词: | 生物化学--分离--高等教育--教材--生物化学 | |
| 电子资源: | ||
| ISBN: | 978-7-04-022714-7 | |
| 000 | 00885nam0 2200253 450 | |
| 001 | 1532427503 | |
| 005 | 20150130090057.28 | |
| 010 | @a978-7-04-022714-7@dCNY17.90 | |
| 100 | @a20080320d2007 em y0chiy50 ea | |
| 101 | 0 | @achi |
| 102 | @aCN@b110000 | |
| 105 | @ay z 000yy | |
| 200 | 1 | @a生物分离技术@9sheng wu fen li ji shu@f刘冬主编 |
| 210 | @a北京@c高等教育出版社@d2007 | |
| 215 | @a211页@d26cm | |
| 300 | @a全国高职高专教育“十一五”规划教材 | |
| 330 | @a本书阐述了生物分离工艺过程中各典型单元操作的基本原理、重要设备和基本操作技术。主要内容包括:生物材料的预处理技术、固液分离技术、细胞破碎技术、萃取技术、浓缩技术、沉淀技术、结晶技术等。 | |
| 606 | 0 | @a生物化学@x分离@x高等教育@j教材@a生物化学 |
| 610 | 0 | @a生物分离 |
| 690 | @aQ81@v5 | |
| 690 | @aQ503@v4 | |
| 701 | 0 | @a刘冬@9liu dong@c(生物技术)@4主编 |
| 801 | 0 | @aCN@bTSSF@c20150130 |
| 905 | @aZUCC@dQ503@eJY56 | |
| 生物分离技术/刘冬主编.-北京:高等教育出版社,2007 |
| 211页;26cm |
| 全国高职高专教育“十一五”规划教材 |
| ISBN 978-7-04-022714-7:CNY17.90 |
| 本书阐述了生物分离工艺过程中各典型单元操作的基本原理、重要设备和基本操作技术。主要内容包括:生物材料的预处理技术、固液分离技术、细胞破碎技术、萃取技术、浓缩技术、沉淀技术、结晶技术等。 |
| ● |
| 相关链接 |
|
|
|
|
正题名:生物分离技术
索取号:Q503/JY56
 
预约/预借
| 序号 | 登录号 | 条形码 | 馆藏地/架位号 | 状态 | 备注 |
| 1 | 7863454 | 278634541 | 学院路分馆/ [索取号:Q503/JY56] | 在馆 | |
| 2 | 7863455 | 278634550 | 学院路分馆/ [索取号:Q503/JY56] | 在馆 | |
| 3 | 7863456 | 278634569 | 学院路分馆/ [索取号:Q503/JY56] | 在馆 |